000 00771nam a2200253Ia 4500
003 OSt
005 20220923222725.0
006 a|||||r|||| 00| 0
007 ta
008 220922b |||||||| |||| 00| 0 hin d
024 _a207,228
037 _cTextual
040 _aARTS
_cARTS
_bhin
041 _2hin
_ahin
082 _aO152,3N40x, K9
100 _aकोहली, नरेन्द्र
245 0 _aपरिणति
246 _aPariṇati
260 _aदिल्ली
_b नेशनल पब्लि हा0
_c1969
300 _a225पृ.
_ccm.
650 _aहिन्दी साहित्य
_9156264
942 _hO152,3N40x, K9
_cTEXL
_2CC
999 _c357847
_d357847